| 000 | 01454 a2200397 4500 | ||
|---|---|---|---|
| 999 |
_c11025 _d11025 |
||
| 020 | _a9783906390680 (alk. paper) | ||
| 020 | _a3906390683 (alk. paper) | ||
| 050 | 0 | 0 |
_aQP572. _b PIN 2012 |
| 100 | 1 |
_aPinto, Madalena M. M. _eauthor |
|
| 245 | 1 | 0 |
_aChemistry of love and sex / _cMadalena M.M. Pinto. |
| 264 | 1 |
_aZurich : _bVerlag Helvetica Chimica Acta ; _aWeinheim : _bWiley-VCH, _c[2012] |
|
| 264 | 4 | _c♭2012 | |
| 300 |
_axiv, 98 pages : _billustrations (some color) ; |
||
| 336 |
_atext _btxt _2rdacontent |
||
| 337 |
_aunmediated _bn _2rdamedia |
||
| 338 |
_avolume _bnc _2rdacarrier |
||
| 504 | _aIncludes bibliographical references. | ||
| 505 | 0 | _aEndogenous chemistry -- Chemical communication in love and sex -- Exogenous molecules intervening in love and sex -- Conclusions. | |
| 650 | 0 | _aHormones, Sex. | |
| 650 | 0 |
_aLove _xPhysiological aspects. |
|
| 650 | 0 | _aSex. | |
| 650 | 0 | _aChemistry. | |
| 650 | 1 | 2 |
_aGonadal Steroid Hormones _xchemistry. |
| 650 | 2 | 2 |
_aBrain Chemistry _xdrug effects. |
| 650 | 2 | 2 |
_aBrain Chemistry _xphysiology. |
| 650 | 2 | 2 | _aLove. |
| 650 | 2 | 2 |
_aPheromones, Human _xchemistry. |
| 650 | 2 | 2 |
_aSexuality _xdrug effects. |
| 650 | 7 | _aChemistry. | |
| 650 | 7 | _aHormones, Sex. | |
| 650 | 7 |
_aLove _xPhysiological aspects. |
|
| 650 | 7 | _aSex. | |
| 942 |
_2lcc _cBK _h572 _iPIN _kQP |
||